| 000 | 00554nam a22001937a 4500 | ||
|---|---|---|---|
| 003 | 0 | ||
| 005 | 20231128135742.0 | ||
| 008 | 231104b xxu||||| |||| 00| 0 eng d | ||
| 020 | _a978-05454-7957-8 | ||
| 050 |
_aTR _bKi62 2012 |
||
| 100 | _aElliot, Rebecca | ||
| 245 |
_aKiss, kiss good night _cRebecca Elliot |
||
| 260 |
_aNew York _bScholastic Inc. _cc2012. |
||
| 300 |
_a11 pages : _bcolored illustrations ; _c23 cm. |
||
| 650 | _aParenting - Children's literature. | ||
| 650 | _aParenting. | ||
| 650 | _aConduct of life. | ||
| 942 |
_2lcc _cBK |
||
| 999 |
_c365560 _d365560 |
||